| 000 | 00609cam a2200229 4500 | ||
|---|---|---|---|
| 008 | 090401t1989 xxu||||| |||| 00| 0 eng d | ||
| 020 | _a0905084918 | ||
| 035 | _a(Sirsi) u66611 | ||
| 041 | _aeng | ||
| 050 | _a692.5 | ||
| 245 | _aFarm building cost guide 1989 | ||
| 250 | _a15th ed. | ||
| 260 |
_aBucksburn,Aberdeen _bCentre for Rural Building _c1989 |
||
| 300 | _a96p. : ill. ; 30cm. | ||
| 350 | _a12.75 | ||
| 650 | _aBUILT ENVIRONMENT-BUILDING COSTS | ||
| 650 | _aFARM BUILDINGS | ||
| 650 | _aBUILDING PRICE BOOKS | ||
| 700 |
_aMacCormack, John. _xEditor |
||
| 942 | _n0 | ||
| 948 | _c04/03/1997 | ||
| 999 |
_c94910 _d94910 |
||